MDQL
is popping MORE tags! Check the
thread
!
Quizzes
Events
Quiz Creation
Community
Videos
Private Events
Remove Ads
Sign In
Join for FREE
Feedback
Dark Mode
Quiz Categories
Sports
Geography
Music
Movies
Television
Just For Fun
Miscellaneous
History
Literature
Language
Science
Gaming
Entertainment
Religion
Holiday
For Kids
Quiz Lab
Recent
Popular Today
Quiz Kudos Today
Editor Picks
Curator Picks
Quizzes by...
Day
Popularity
Type
Ratings
Length
Year
Community
Subscriptions
Recent Discussions
Orange Saloon
Badges
Playlists
Quests
Create
Leaderboards
Showdown
Live 5
Trivia Bingo
Activity
Puzzle Library
Sporcle Events
Private Events
Virtual Trivia
Globe League
Become a Host
Pub Owners
SporcleCon
Opinionation
Our Games
Videos
Blog
Mobile Apps
Partnerships
Remove Ads and Go Orange
Feedback
Geography
Country
Landmarks
City
State
Population
World
Capital
Continent
Flags
Europe
Africa
Asia
South America
North America
Oceania
Border
Canada
United Kingdom
Topography
United States
Geography
Country
Landmarks
City
State
Population
World
Capital
Continent
Flags
Europe
Africa
Asia
South America
North America
Oceania
Border
Canada
United Kingdom
Topography
United States
Random Quiz
Search Sporcle
×
Quiz Lab
Quiz Lab
Geography
Type in answers that appear in a list
Type in answers that appear in a list
Classic
Best Score? Go Orange.
Historical U.S. State Capitals Stats
Can you name the historical U.S. state capitals?
By
kthejoker
8m
53 Questions
121 Plays
121 Plays
121 Plays
Comments
Comments
Give Quiz Kudos
Give Quiz Kudos
-
- Ratings
hide this ad
More Info
Replay
Link that replays current quiz
Next Quiz
Link to next quiz in quiz playlist
You Got
0%
They Got
Avg Score
25%
Avg Friend Score
Upgrade to see
Score Distribution
Jump to the score distribution portion of the page
Score
0/53
Timer
08:00
0
Plays Today
State
City
% Correct
New York
New York City
77.7%
Louisiana
New Orleans
73.6%
Georgia
Savannah
71.9%
Michigan
Detroit
62%
Pennsylvania
Philadelphia
62%
Maine
Portland
54.5%
Georgia
Augusta
53.7%
South Carolina
Charleston
52.1%
Tennessee
Knoxville
52.1%
Louisiana
Shreveport
47.1%
Rhode Island
Newport
47.1%
New Jersey
Burlington
43%
Georgia
Macon
42.1%
Iowa
Iowa City
39.7%
California
San Jose
35.5%
Virginia
Wheeling
34.7%
West Virginia
Wheeling
34.7%
Alabama
Huntsville
33.9%
Virginia
Alexandria
31.4%
Alabama
Tuscaloosa
27.3%
Virginia
Williamsburg
26.4%
Mississippi
Natchez
25.6%
North Carolina
New Bern
20.7%
New York
Kingston
19%
Tennessee
Kingston
19%
Pennsylvania
Lancaster
18.2%
North Carolina
Fayetteville
17.4%
State
City
% Correct
Georgia
Milledgeville
16.5%
New York
Poughkeepsie
16.5%
Tennessee
Murfreesboro
16.5%
Delaware
Newcastle
14.9%
Ohio
Zanesville
14.9%
Rhode Island
Bristol
12.4%
California
Vallejo
9.9%
Georgia
Louisville
9.9%
Oklahoma
Guthrie
9.9%
Ohio
Chillicothe
9.1%
Illinois
Vandalia
8.3%
New Jersey
Perth Amboy
8.3%
California
Benicia
7.4%
Vermont
Windsor
7.4%
Illinois
Kaskaskia
6.6%
Indiana
Corydon
6.6%
Missouri
Saint Charles
6.6%
New Hampshire
Exeter
6.6%
Rhode Island
East Greenwich
4.1%
Rhode Island
South Kingstown
4.1%
Alabama
Cahawba
3.3%
Louisiana
Opelousas
3.3%
Georgia
Ebenezer
2.5%
Louisiana
Donaldsonville
2.5%
Georgia
Heard's Fort
1.7%
New York
Hurley
1.7%
Quiz Playlist
Details
Report
Send in Message
Add To Playlist
More Info:
U.S. recognized states' capitals only. Does not include territory capitals, Confederate capitals, or capitals under foreign rule.
Classic:
Type in answers that appear in a list
Quiz Source
Last Updated: Feb 16, 2017
Quiz Scoreboard
CHALLENGE
Sign Up to Join the Scoreboard
Show All
Scores
Hide
Comments
May contain spoilers
Recently Published
Find the 'City' Movie
by crazypaving
Movies
60s
5x2 Blitz: Bands
by SL_Kpop136
Music
30s
Colored Red Africa Blitz
by spor1
Geography
30s
More to Explore
Quiz From the Vault
Featured Blog Post
14 Easter Pick-up Lines to Find Eggs With
hide this ad
You Might Also Like...
Tags
This quiz does not have any tags.
Today's Top Quizzes in Geography
Browse Geography
hide this ad
Top Contributed Quizzes in Geography
1
Countries of the World - No Outlines Minefield
2
Colored Red Europe Blitz I
3
Colored Red Africa Blitz II
4
Colored Red Europe Blitz II
5
Colored Red Europe Blitz III
6
Colored Red Africa Blitz III
7
Colored Red States Blitz I
8
Colored Red States Blitz II
9
Colored Red States Blitz III
10
Blind Secret Country CLXXXIX
Explore More
Trending Topics
Crossword
Disney
NBA
Marvel
Anime
Kpop
Harry Potter
WWE
Puzzle
Song
Soccer
Country
Pokémon
The Office
NFL
hide this ad
More By:
kthejoker
Quiz
Plays
Rating
Category
Featured
Created
Letters Not In Numbers 1-1000
1,016
2.33
Science
Aug 19, 2013
Best Selling Artists A-Z
204
4.00
Music
Jan 19, 2012
Biblical Movie Titles
192
4.50
Movies
Aug 3, 2010
Famous Historical Firsts A-Z
149
4.00
History
Jun 13, 2013
Historical U.S. State Capitals
121
4.14
Geography
Jul 29, 2010
Go to Creator's Profile
Score Distribution
Quiz Creator Spotlight
kthejoker
Follow
Send a Message
Quizzes Created
-
Created Quiz Play Count
-
More By This Creator
Popular Quizzes Today
1
Colored Red Africa Blitz
2
Find the 'City' Movie
3
5x2 Blitz: Bands
4
Find the US States - No Outlines Minefield
5
The Countries of the World
6
Find the US States
7
US States
8
9x9 Crossword: Cartoon Network
More Geography Quizzes
Is That the European Capital?
Published
Trending Quizzes
Colored Red Europe Blitz I
Colored Red Africa Blitz II
Colored Red Africa Blitz III
Colored Red Europe Blitz III
Colored Red Europe Blitz II
Recently Updated
Champions League XIs: Real Madrid
pecheneg
Largest US Cities 1790-2010
pecheneg
Rides in Walt Disney World
pecheneg
Most Oscar Losses (Acting)
pecheneg
Beyoncé Albums
pecheneg
Leaping Animals
pecheneg
Reality TV Shows (A-Z)
bhenderson79
Rickey Henderson's Hall of Fame Teammates
pecheneg
Champions League XIs: Arsenal
pecheneg
Quick Pick: Celebrities in WWE's Hall of Fame
aduchscher
Trending Topics
Crossword
Marvel
NBA
Disney
Anime
Harry Potter
Kpop
Country
The Office
Soccer
WWE
Pokémon
Puzzle
Song
NFL
Your Account Isn't Verified!
In order to create a playlist on Sporcle, you need to verify the email address you used during registration. Go to your
Sporcle Settings
to finish the process.
Report this User
Report this user for behavior that violates our
Community Guidelines
.
Details:
Send Report
Go to the Sporcle.com Mobile Site →
Comments